[Event "RUS-chT Rapid"]
[Site "Sochi"]
[Date "2023.10.18"]
[Round "3.20"]
[White "Rychagov, Andrey"]
[Black "Shubin, Kirill"]
[Result "0-1"]
[WhiteElo "2543"]
[BlackElo "2440"]
[PlyCount "60"]
[EventDate "2023.10.18"]
[EventType "team-swiss (rapid)"]
[EventRounds "9"]
[EventCountry "RUS"]
[SourceTitle "Mega2024 Update 01"]
[Source "Chessbase"]
[SourceDate "2023.11.12"]
[SourceVersion "1"]
[SourceVersionDate "2023.11.12"]
[SourceQuality "1"]
[WhiteTeam "Moscow Botvinnik School"]
[BlackTeam "St Petersburg SShOR"]
[WhiteTeamCountry "RUS"]
[BlackTeamCountry "RUS"]

1. d4 Nf6 2. c4 e6 3. Nf3 Bb4+ 4. Bd2 a5 5. Nc3 b6 6. e3 Bb7 7. Be2 d6 8. 0-0 Nbd7 9. a3 Bxc3 10. Bxc3 Ne4 11. Be1 0-0 12. Nd2 Qg5 13. Nxe4 Bxe4 14. f3 Bb7 15. Qd2 f5 16. b3 e5 17. d5 f4 18. Bf2 Rf6 19. Bd3 Qh5 20. exf4 exf4 21. Bd4 Ne5 22. Rae1 Re8 23. Bc2 Bc8 24. Bxe5 dxe5 25. Qf2 Rh6 26. h3 Qg5 27. Kh2 Rf8 28. Rh1 Rff6 29. Kg1 Bxh3 30. Qe2 Bxg2 0-1

[Event "RUS-ch Rapid"]
[Site "Sochi"]
[Date "2023.10.16"]
[Round "10"]
[White "Kretov, Evgenij"]
[Black "Rychagov, Andrey"]
[Result "0-1"]
[WhiteElo "2276"]
[BlackElo "2543"]
[PlyCount "126"]
[EventDate "2023.10.15"]
[EventType "swiss (rapid)"]
[EventRounds "11"]
[EventCountry "RUS"]
[SourceTitle "Mega2024 Update 01"]
[Source "Chessbase"]
[SourceDate "2023.11.12"]
[SourceVersion "1"]
[SourceVersionDate "2023.11.12"]
[SourceQuality "1"]

1. d4 f5 2. Nc3 Nf6 3. Bg5 d5 4. Bxf6 exf6 5. e3 Be6 6. Bd3 Qd7 7. a3 Nc6 8. Nge2 0-0-0 9. b4 Kb8 10. Na4 Qd6 11. Nc5 Bc8 12. c3 h5 13. h4 Ne7 14. a4 g5 15. Qd2 Re8 16. a5 f4 17. exf4 gxf4 18. Qxf4 Qxf4 19. Nxf4 Ng6+ 20. Ne2 Nf4 21. Kf1 Nxd3 22. Nxd3 Bd7 23. Nef4 Bb5 24. Rh3 Bc4 25. Ng6 Rg8 26. Nxf8 Rgxf8 27. Re1 Re4 28. Ree3 Rfe8 29. Ke2 b6 30. Kd2 Kb7 31. Rhf3 Rf8 32. Nf4 bxa5 33. bxa5 Ka6 34. Ng6 Rxe3 35. fxe3 Rb8 36. Rxf6+ Kxa5 37. Kc2 Bb3+ 38. Kc1 Kb5 39. Ne5 a5 40. Rc6 a4 41. Rc5+ Ka6 42. Nc6 Rg8 43. Nb4+ Kb7 44. Nxd5 Rxg2 45. Rxc7+ Ka6 46. Rc6+ Kb7 47. Rb6+ Kc8 48. Nf4 Rc2+ 49. Kb1 Rxc3 50. Kb2 Rxe3 51. Rb4 Re4 52. Nxh5 Re2+ 53. Kc3 Bf7 54. Nf4 Rf2 55. Nd3 Rf3 56. Kd2 a3 57. Ra4 a2 58. Ne5 Bb3 59. Ra7 Rf1 60. Kc3 Bd5 61. Nd7 Kd8 62. Nb6 Bg8 63. Ra8+ Kc7 0-1

[Event "RUS-ch Rapid"]
[Site "Sochi"]
[Date "2023.10.16"]
[Round "11"]
[White "Rychagov, Andrey"]
[Black "Ivlev, Aleksey"]
[Result "1-0"]
[WhiteElo "2543"]
[BlackElo "2315"]
[PlyCount "77"]
[EventDate "2023.10.15"]
[EventType "swiss (rapid)"]
[EventRounds "11"]
[EventCountry "RUS"]
[SourceTitle "Mega2024 Update 01"]
[Source "Chessbase"]
[SourceDate "2023.11.12"]
[SourceVersion "1"]
[SourceVersionDate "2023.11.12"]
[SourceQuality "1"]

1. d4 Nf6 2. c4 c5 3. d5 e6 4. Nc3 exd5 5. cxd5 d6 6. Nf3 g6 7. Bg5 h6 8. Bf4 a6 9. a4 Bg7 10. h3 0-0 11. e3 Qe7 12. Nd2 Nbd7 13. Be2 Ne5 14. 0-0 Rb8 15. Bh2 Ne8 16. Qb3 f5 17. Bxa6 bxa6 18. Qxb8 Bb7 19. Qa7 Nd3 20. Qb6 g5 21. Nc4 f4 22. Rad1 Ne5 23. Nxe5 Bxe5 24. exf4 gxf4 25. Rfe1 Bc8 26. f3 Ng7 27. Kh1 Qg5 28. Ne4 Qh5 29. Nxd6 Bxh3 30. Rxe5 Bxg2+ 31. Kxg2 Qxe5 32. Rd2 Rf6 33. Qd8+ Kh7 34. Ne4 Rg6+ 35. Kh1 Nh5 36. d6 Qf5 37. Qh4 Ng3+ 38. Bxg3 fxg3 39. Kg2 1-0

[Event "RUS-ch Rapid"]
[Site "Sochi"]
[Date "2023.10.15"]
[Round "2"]
[White "Fedotov, Nikita1"]
[Black "Rychagov, Andrey"]
[Result "0-1"]
[WhiteElo "2311"]
[BlackElo "2543"]
[PlyCount "174"]
[EventDate "2023.10.15"]
[EventType "swiss (rapid)"]
[EventRounds "11"]
[EventCountry "RUS"]
[SourceTitle "Mega2024 Update 01"]
[Source "Chessbase"]
[SourceDate "2023.11.12"]
[SourceVersion "1"]
[SourceVersionDate "2023.11.12"]
[SourceQuality "1"]

1. e4 c5 2. Nf3 e6 3. d4 cxd4 4. Nxd4 a6 5. c4 Nf6 6. Nc3 d6 7. Be3 Be7 8. Be2 0-0 9. 0-0 Qc7 10. f3 Nbd7 11. Qd2 b6 12. a4 Rb8 13. Rfc1 Ne5 14. Kh1 Re8 15. Bf1 Qb7 16. Nc2 Bd7 17. b3 Red8 18. Rd1 Bc6 19. Nb4 Be8 20. Nd3 Nfd7 21. Nc1 Rbc8 22. Qf2 Nc6 23. Nd3 Nc5 24. Rab1 Bf6 25. Ne2 Rb8 26. Nef4 g6 27. Qg3 Qe7 28. Nh3 Bh4 29. Bg5 Qxg5 30. Qxg5 Bxg5 31. Nxg5 Nd4 32. Nc1 e5 33. Nh3 b5 34. axb5 axb5 35. Nf2 bxc4 36. Bxc4 Ba4 37. Ng4 Kg7 38. Ne3 Bxb3 39. Nxb3 Ncxb3 40. Bxb3 Rxb3 41. Rxb3 Nxb3 42. Rd5 Nd4 43. h4 Kf6 44. Nc4 Ke7 45. Kh2 f6 46. Kh3 Ne6 47. g3 Nc7 48. Ra5 Ra8 49. Rxa8 Nxa8 50. h5 Nc7 51. Ne3 Ke6 52. hxg6 hxg6 53. f4 f5 54. fxe5 dxe5 55. exf5+ gxf5 56. Kg2 Nd5 57. Nc4 Nf6 58. Kf3 Ng4 59. Nb6 Kd6 60. Nc8+ Kd5 61. Ne7+ Ke6 62. Nc6 Kd6 63. Nd8 Kd5 64. Nf7 Kd4 65. Nd6 Nh6 66. Ke2 e4 67. Nb5+ Ke5 68. Nc7 Ng4 69. Nb5 Nf6 70. Na3 Nh5 71. Kf2 Kd4 72. Nc2+ Kd3 73. Ne1+ Kd2 74. Ng2 Nf6 75. Nf4 e3+ 76. Kf3 Ng4 77. Ng2 e2 78. Kf4 Ne3 79. Nh4 Nc2 80. Nf3+ Kd1 81. g4 fxg4 82. Kxg4 Nd4 83. Nxd4 e1Q 84. Nf3 Qe4+ 85. Kg3 Ke2 86. Ng5 Qf5 87. Nf3 Qxf3+ 0-1

[Event "RUS-ch Blitz"]
[Site "Sochi"]
[Date "2023.10.14"]
[Round "10"]
[White "Rychagov, Andrey"]
[Black "Lupolov, Boris"]
[Result "1-0"]
[WhiteElo "2543"]
[BlackElo "2090"]
[PlyCount "79"]
[EventDate "2023.10.14"]
[EventType "swiss (blitz)"]
[EventRounds "13"]
[EventCountry "RUS"]
[SourceTitle "Mega2024 Update 01"]
[Source "Chessbase"]
[SourceDate "2023.11.12"]
[SourceVersion "1"]
[SourceVersionDate "2023.11.12"]
[SourceQuality "1"]

1. d4 Nf6 2. c4 e6 3. Nf3 b6 4. a3 Bb7 5. Nc3 d5 6. cxd5 Nxd5 7. e3 Be7 8. Bb5+ Nd7 9. Ne5 N5f6 10. Nc6 Bxc6 11. Bxc6 Rb8 12. e4 0-0 13. e5 Nd5 14. Nxd5 exd5 15. 0-0 b5 16. Bxd5 c5 17. e6 Nf6 18. exf7+ Kh8 19. Be6 cxd4 20. Qd3 Rb6 21. Re1 a6 22. Bf4 Bd6 23. Qxd4 Qc7 24. Bxd6 Rxd6 25. Qe5 Qb6 26. Rad1 Rxd1 27. Rxd1 h6 28. g3 Qc6 29. h4 Qc2 30. Qd6 Nh7 31. Rd2 Qc1+ 32. Kg2 Qb1 33. Re2 Qg6 34. Qe7 a5 35. Bb3 b4 36. axb4 axb4 37. Qxb4 Qf5 38. Qe4 Qf6 39. Bd5 g5 40. h5 1-0

[Event "Titled Tuesday intern op 29th Aug Late"]
[Site "Chess.com INT"]
[Date "2023.08.29"]
[Round "5"]
[White "Kostiukov, Alexandr"]
[Black "Rychagov, Andrey"]
[Result "1-0"]
[WhiteElo "2271"]
[BlackElo "2543"]
[PlyCount "115"]
[EventDate "2023.08.29"]
[EventType "swiss (blitz)"]
[EventRounds "11"]
[EventCountry "USA"]
[SourceTitle "EXT 2024"]
[Source "ChessBase"]
[SourceDate "2023.10.10"]
[SourceVersion "1"]
[SourceVersionDate "2023.10.10"]
[SourceQuality "1"]

1. g3 d5 2. Bg2 c6 3. d3 Nf6 4. e4 dxe4 5. dxe4 Qxd1+ 6. Kxd1 e5 7. f3 Bc5 8. Nd2 Be6 9. Bh3 Bxh3 10. Nxh3 Nbd7 11. a4 a5 12. Ke2 Ke7 13. Nc4 Rhd8 14. Rd1 Ne8 15. Bd2 b6 16. Be3 Bxe3 17. Kxe3 f6 18. Rxd7+ Rxd7 19. Nxb6 Rb8 20. Nxd7 Kxd7 21. b3 c5 22. Nf2 c4 23. bxc4 Kc6 24. Nd3 Nd6 25. c5 Nc4+ 26. Ke2 g6 27. f4 exf4 28. gxf4 Re8 29. Nf2 Rd8 30. Nd3 Re8 31. Nf2 Kxc5 32. Rb1 f5 33. Rb5+ Kd4 34. e5 Kc3 35. Rc5 Kb4 36. Nd3+ Kc3 37. Rc7 g5 38. fxg5 Kd4 39. Rd7+ Ke4 40. Rxh7 Nxe5 41. Nxe5 Rxe5 42. h4 f4 43. Kf2 Rc5 44. Re7+ Kf5 45. Re2 Rc3 46. Rd2 Rh3 47. Rd5+ Kg4 48. Rxa5 Rh2+ 49. Kg1 Rxc2 50. g6 Kf3 51. Rg5 Rc1+ 52. Kh2 Rc2+ 53. Kh1 Rc1+ 54. Rg1 Rxg1+ 55. Kxg1 Ke2 56. g7 f3 57. g8Q f2+ 58. Kh2 1-0

[Event "Titled Tuesday intern op 08th Aug Early"]
[Site "Chess.com INT"]
[Date "2023.08.08"]
[Round "10"]
[White "Rychagov, Andrey"]
[Black "Krzyzanowski, Marcin"]
[Result "1-0"]
[WhiteElo "2543"]
[BlackElo "2512"]
[PlyCount "75"]
[EventDate "2023.08.08"]
[EventType "swiss (blitz)"]
[EventRounds "11"]
[EventCountry "USA"]
[SourceTitle "EXT 2024"]
[Source "ChessBase"]
[SourceDate "2023.10.10"]
[SourceVersion "1"]
[SourceVersionDate "2023.10.10"]
[SourceQuality "1"]

1. d4 Nf6 2. c4 e6 3. Nf3 c5 4. d5 b5 5. dxe6 fxe6 6. cxb5 d5 7. e3 Bd6 8. b3 0-0 9. Bb2 Nbd7 10. Nbd2 Bb7 11. Be2 Qe7 12. 0-0 Rad8 13. Qc2 Bb8 14. e4 d4 15. Bd3 Ng4 16. g3 Rf6 17. h3 Nge5 18. Nxe5 Nxe5 19. f4 Rg6 20. Kh2 h5 21. Nc4 Nxd3 22. Qxd3 h4 23. g4 Rf8 24. e5 Rh6 25. Rf2 Qd7 26. a4 g5 27. Rg1 Qd5 28. Bc1 Rh7 29. Bd2 Rhf7 30. Qg6+ Rg7 31. Qd3 gxf4 32. Rxf4 Rxf4 33. Bxf4 Rf7 34. Qg6+ Kf8 35. Bh6+ Ke8 36. Qg8+ Ke7 37. Bg5+ Kd7 38. Qd8# 1-0

[Event "Titled Tuesday intern op 18th Jul Early"]
[Site "Chess.com INT"]
[Date "2023.07.18"]
[Round "2"]
[White "Rychagov, Andrey"]
[Black "San, Thit Lwin"]
[Result "1-0"]
[WhiteElo "2543"]
[BlackElo "2242"]
[PlyCount "60"]
[EventDate "2023.07.18"]
[EventType "swiss (blitz)"]
[EventRounds "11"]
[EventCountry "USA"]
[SourceTitle "EXT 2024"]
[Source "ChessBase"]
[SourceDate "2023.10.10"]
[SourceVersion "1"]
[SourceVersionDate "2023.10.10"]
[SourceQuality "1"]

1. d4 Nf6 2. c4 c5 3. d5 e6 4. Nc3 exd5 5. cxd5 d6 6. Nf3 g6 7. Bf4 Bg7 8. e3 a6 9. a4 0-0 10. h3 Re8 11. Nd2 Qc7 12. Be2 Nbd7 13. Nc4 Bf8 14. 0-0 Rb8 15. a5 b5 16. axb6 Nxb6 17. Na5 c4 18. Qd2 Bd7 19. Rfc1 Bb5 20. Bf3 Nbd7 21. Nc6 Rb7 22. b3 cxb3 23. Nxb5 Rxb5 24. Ne7+ Bxe7 25. Rxc7 b2 26. Rb1 Nc5 27. Rxb2 Rxb2 28. Qxb2 Nd3 29. Qb7 Bd8 30. Rxf7 Nxf4 1-0

[Event "Aktobe Dvorkovich op"]
[Site "Aktobe"]
[Date "2023.06.27"]
[Round "9"]
[White "Petrosyan, Manuel"]
[Black "Rychagov, Andrey"]
[Result "1/2-1/2"]
[WhiteElo "2629"]
[BlackElo "2547"]
[PlyCount "68"]
[EventDate "2023.06.20"]
[EventType "swiss"]
[EventRounds "9"]
[EventCountry "KAZ"]
[SourceTitle "EXT 2024"]
[Source "ChessBase"]
[SourceDate "2023.10.10"]
[SourceVersion "1"]
[SourceVersionDate "2023.10.10"]
[SourceQuality "1"]

1. d4 d5 2. c4 e6 3. Nc3 Nf6 4. cxd5 exd5 5. Bg5 Be7 6. e3 0-0 7. Bd3 c6 8. Nge2 Re8 9. 0-0 a5 10. Qc2 g6 11. Bh4 Na6 12. a3 Nc7 13. f3 Ne6 14. Bf2 b5 15. h3 Bb7 16. Rad1 b4 17. axb4 axb4 18. Na4 Qa5 19. b3 c5 20. dxc5 Nxc5 21. Nxc5 Bxc5 22. Nd4 Qb6 23. Rc1 Rac8 24. Qd2 Nd7 25. Rc2 Ne5 26. Rfc1 Nxd3 27. Qxd3 Bd6 28. Qb5 Qxb5 29. Nxb5 Rxc2 30. Rxc2 Bb8 31. g4 Be5 32. Kg2 Rc8 33. Rxc8+ Bxc8 34. Nd4 Bxd4 1/2-1/2

[Event "Aktobe Dvorkovich op"]
[Site "Aktobe"]
[Date "2023.06.25"]
[Round "7"]
[White "Atabayev, Saparmyrat"]
[Black "Rychagov, Andrey"]
[Result "1/2-1/2"]
[WhiteElo "2433"]
[BlackElo "2547"]
[PlyCount "101"]
[EventDate "2023.06.20"]
[EventType "swiss"]
[EventRounds "9"]
[EventCountry "KAZ"]
[SourceTitle "CBM 214 Extra"]
[Source "ChessBase"]
[SourceDate "2023.07.31"]
[SourceVersion "1"]
[SourceVersionDate "2023.07.31"]
[SourceQuality "1"]

1. e4 e6 2. d4 d5 3. Nc3 Bb4 4. e5 c5 5. a3 Bxc3+ 6. bxc3 Ne7 7. h4 b6 8. h5 h6 9. Qg4 Kf8 10. Rh3 Ba6 11. Qf4 Bxf1 12. Rf3 Qe8 13. Kxf1 Nd7 14. Ne2 Rc8 15. a4 Kg8 16. a5 b5 17. Ba3 a6 18. Ra2 Nc6 19. g4 Qe7 20. Kg2 Rf8 21. Qg3 Kh7 22. Bc1 g5 23. hxg6+ fxg6 24. Rxf8 Qxf8 25. Ra1 Kg7 26. Be3 Qf7 27. Rh1 cxd4 28. cxd4 g5 29. f4 Qg6 30. Qf3 Ne7 31. Rf1 Rf8 32. Rf2 Kh7 33. Kh2 Rf7 34. Qh3 Nf8 35. Ng3 gxf4 36. Bxf4 Kg8 37. Nh5 Nh7 38. Qe3 Kh8 39. Kh3 Ng8 40. Qe2 Rc7 41. Kh2 Rf7 42. Be3 Rxf2+ 43. Bxf2 Ng5 44. Bh4 Ne4 45. Qf3 Ng5 46. Qe2 Ne4 47. Qf3 Ng5 48. Bxg5 Qxc2+ 49. Kh3 hxg5 50. Qf7 Qd3+ 51. Kh2 1/2-1/2

[Event "Titled Tuesday intern op 20th Sep Late"]
[Site "Chess.com INT"]
[Date "2022.09.20"]
[Round "5"]
[White "Bok, Benjamin"]
[Black "Rychagov, Andrey"]
[Result "1/2-1/2"]
[WhiteElo "2618"]
[BlackElo "2547"]
[PlyCount "124"]
[EventDate "2022.09.20"]
[EventType "swiss (blitz)"]
[EventRounds "11"]
[EventCountry "USA"]
[SourceTitle "EXT 2023"]
[Source "ChessBase"]
[SourceDate "2022.10.05"]
[SourceVersion "1"]
[SourceVersionDate "2022.10.05"]
[SourceQuality "1"]

1. d4 d5 2. c4 e6 3. Nc3 Be7 4. Nf3 Nf6 5. Bf4 0-0 6. e3 Nbd7 7. c5 c6 8. h3 b6 9. b4 a5 10. a3 Bb7 11. Bd3 Qc8 12. 0-0 Ba6 13. Qc2 Bxd3 14. Qxd3 Qb7 15. Rfc1 axb4 16. axb4 Rxa1 17. Rxa1 Ra8 18. Qb1 Bd8 19. Ra2 h6 20. Qa1 Rxa2 21. Qxa2 Ne8 22. Qa4 bxc5 23. bxc5 Bc7 24. Bxc7 Nxc7 25. Nd2 Qa6 26. Nb3 Qxa4 27. Nxa4 Kf8 28. Na5 Nb8 29. g4 f6 30. Kg2 e5 31. dxe5 fxe5 32. f4 exf4 33. exf4 Ke7 34. Kf3 Nb5 35. f5 Kf6 36. Kf4 Nd4 37. Nb2 Ne2+ 38. Ke3 Nc3 39. Nd3 Ne4 40. Kf4 Nd7 41. Nb3 g5+ 42. fxg6 Kxg6 43. Ne5+ Nxe5 44. Kxe5 Kg5 45. Kd4 Kh4 46. Na5 Kxh3 47. Nxc6 Kxg4 48. Ne5+ Kf5 49. c6 Nd6 50. Kxd5 Nc8 51. c7 h5 52. Nc4 Kf6 53. Kc6 h4 54. Nd6 Ne7+ 55. Kd7 h3 56. Ne4+ Kf7 57. Ng5+ Kf6 58. Ne4+ Kf7 59. Ng5+ Kf6 60. Nxh3 Nd5 61. c8Q Nb6+ 62. Kc7 Nxc8 1/2-1/2

[Event "Titled Tuesday intern op 20th Sep Late"]
[Site "Chess.com INT"]
[Date "2022.09.20"]
[Round "4"]
[White "Fiorito, Joaquin"]
[Black "Rychagov, Andrey"]
[Result "0-1"]
[WhiteElo "2271"]
[BlackElo "2547"]
[PlyCount "50"]
[EventDate "2022.09.20"]
[EventType "swiss (blitz)"]
[EventRounds "11"]
[EventCountry "USA"]
[SourceTitle "EXT 2023"]
[Source "ChessBase"]
[SourceDate "2022.10.05"]
[SourceVersion "1"]
[SourceVersionDate "2022.10.05"]
[SourceQuality "1"]

1. d4 f5 2. Nc3 Nf6 3. Bg5 d5 4. e3 Be6 5. Nf3 Nbd7 6. Ne5 Nxe5 7. Bxf6 exf6 8. dxe5 fxe5 9. a3 Bd6 10. g4 c6 11. Rg1 Qf6 12. gxf5 Bxf5 13. Qd2 0-0-0 14. 0-0-0 d4 15. Na4 Bc7 16. Qb4 dxe3 17. fxe3 Rxd1+ 18. Kxd1 Rd8+ 19. Kc1 Qh6 20. Qc5 Qxh2 21. Rxg7 Qd2+ 22. Kb1 Qd1+ 23. Ka2 Bxc2 24. Bh3+ Kb8 25. Nc3 Bb3# 0-1

[Event "Titled Tuesday intern op 20th Sep Late"]
[Site "Chess.com INT"]
[Date "2022.09.20"]
[Round "1"]
[White "Rychagov, Andrey"]
[Black "Milosevic, Milos"]
[Result "1-0"]
[WhiteElo "2547"]
[BlackElo "2379"]
[PlyCount "39"]
[EventDate "2022.09.20"]
[EventType "swiss (blitz)"]
[EventRounds "11"]
[EventCountry "USA"]
[SourceTitle "EXT 2023"]
[Source "ChessBase"]
[SourceDate "2022.10.05"]
[SourceVersion "1"]
[SourceVersionDate "2022.10.05"]
[SourceQuality "1"]

1. d4 Nf6 2. c4 e6 3. Nf3 d5 4. Nc3 Bb4 5. Qa4+ Nc6 6. e3 0-0 7. Bd2 a5 8. Rd1 Bd7 9. Qc2 Ne7 10. a3 Bxc3 11. Bxc3 c6 12. Bd3 g6 13. 0-0 b5 14. b3 Qb8 15. Qd2 bxc4 16. bxc4 Qd6 17. Bxa5 Rfb8 18. Bb4 Rxb4 19. Qxb4 dxc4 20. Qxd6 1-0

[Event "Chess.com Rapid Wk24 Swiss"]
[Site "Chess.com INT"]
[Date "2022.08.06"]
[Round "1"]
[White "Matlakov, Maxim"]
[Black "Rychagov, Andrey"]
[Result "0-1"]
[WhiteElo "2671"]
[BlackElo "2547"]
[PlyCount "106"]
[EventDate "2022.08.06"]
[EventType "swiss (rapid)"]
[EventRounds "9"]
[EventCountry "USA"]
[SourceTitle "CBM 209 Extra"]
[Source "ChessBase"]
[SourceDate "2022.09.30"]
[SourceVersion "1"]
[SourceVersionDate "2022.09.30"]
[SourceQuality "1"]

1. d4 d5 2. c4 e6 3. Nf3 Nf6 4. g3 Be7 5. Bg2 0-0 6. 0-0 dxc4 7. Qc2 a6 8. a4 Bd7 9. Qxc4 Bc6 10. Bg5 Bd5 11. Qc2 Be4 12. Qc1 h6 13. Bxf6 Bxf6 14. Nbd2 Bc6 15. Rd1 a5 16. Nc4 Bxf3 17. Bxf3 c6 18. Qd2 Be7 19. h4 Bb4 20. Qc2 Nd7 21. h5 Nb6 22. Ne5 Bd6 23. Nd3 Nd5 24. Qb3 Qe7 25. Rac1 Rfd8 26. Nc5 Rab8 27. Kg2 Nb4 28. Ne4 Bc7 29. e3 Nd5 30. Nc5 Nb4 31. Be4 e5 32. dxe5 Bxe5 33. Bf3 Rxd1 34. Bxd1 Rd8 35. Bf3 Rd2 36. Qc4 Bxb2 37. Rd1 Qxe3 38. Rxd2 Qxd2 39. Nxb7 Nd3 40. Qe4 Qxf2+ 41. Kh3 Be5 42. Qg4 f5 43. Qg6 Nf4+ 44. gxf4 Qxf3+ 45. Qg3 Qxh5+ 46. Kg2 Qe2+ 47. Qf2 Qe4+ 48. Qf3 Bc7 49. Kg3 Qxf3+ 50. Kxf3 Kf7 51. Nc5 g5 52. fxg5 hxg5 53. Na6 Bd6 0-1

[Event "Titled Tuesday intern op 02nd Aug Late"]
[Site "Chess.com INT"]
[Date "2022.08.02"]
[Round "5"]
[White "Rychagov, Andrey"]
[Black "Ferreira, Vitor Hugo Vieira"]
[Result "1-0"]
[WhiteElo "2547"]
[BlackElo "2128"]
[PlyCount "75"]
[EventDate "2022.08.02"]
[EventType "swiss (blitz)"]
[EventRounds "11"]
[EventCountry "USA"]
[SourceTitle "EXT 2023"]
[Source "ChessBase"]
[SourceDate "2022.10.05"]
[SourceVersion "1"]
[SourceVersionDate "2022.10.05"]
[SourceQuality "1"]

1. d4 d5 2. c4 c6 3. Nf3 Nf6 4. Nc3 e6 5. e3 Nbd7 6. Qc2 Bd6 7. b3 0-0 8. Be2 b6 9. 0-0 Bb7 10. Bb2 Rc8 11. Rac1 Qe7 12. Qb1 c5 13. cxd5 exd5 14. Rfe1 a6 15. Bf1 Ne4 16. dxc5 bxc5 17. Nxe4 dxe4 18. Nd2 f5 19. Nc4 Bb8 20. g3 Rc6 21. Na5 Rb6 22. Nxb7 Rxb7 23. Bxa6 Rb6 24. Bc4+ Kh8 25. Red1 f4 26. exf4 e3 27. Qd3 exf2+ 28. Kf1 Rd6 29. Qe2 Qd8 30. Rxd6 Bxd6 31. Rd1 Qc7 32. Qe6 Qb7 33. Qd5 Qa7 34. Qxd6 Qxa2 35. Bxg7+ Kxg7 36. Qxd7+ Kh8 37. Qe7 Qa8 38. Qe5+ 1-0

[Event "Titled Tuesday intern op 02nd Aug Late"]
[Site "Chess.com INT"]
[Date "2022.08.02"]
[Round "6"]
[White "Tica, Sven"]
[Black "Rychagov, Andrey"]
[Result "1/2-1/2"]
[WhiteElo "2451"]
[BlackElo "2547"]
[PlyCount "116"]
[EventDate "2022.08.02"]
[EventType "swiss (blitz)"]
[EventRounds "11"]
[EventCountry "USA"]
[SourceTitle "EXT 2023"]
[Source "ChessBase"]
[SourceDate "2022.10.05"]
[SourceVersion "1"]
[SourceVersionDate "2022.10.05"]
[SourceQuality "1"]

1. e4 c5 2. Nc3 Nc6 3. f4 e6 4. Nf3 d5 5. Bb5 Nge7 6. 0-0 a6 7. Bxc6+ Nxc6 8. exd5 exd5 9. Re1+ Be7 10. d4 0-0 11. dxc5 Bxc5+ 12. Kh1 Bg4 13. h3 Bxf3 14. Qxf3 d4 15. Ne4 Bb4 16. Bd2 Qb6 17. c3 dxc3 18. Bxc3 Bxc3 19. Qxc3 Rac8 20. Rac1 Ne7 21. Qe5 Ng6 22. Qg5 Rxc1 23. Rxc1 h6 24. Qg3 Qxb2 25. Re1 Kh7 26. f5 Ne5 27. f6 g6 28. Ng5+ hxg5 29. Rxe5 Qc1+ 30. Kh2 Qf4 31. Qxf4 gxf4 32. Re7 b5 33. Ra7 g5 34. Rxa6 Rd8 35. Ra5 Rd2 36. Rxb5 Kg6 37. h4 gxh4 38. Kh3 Rxa2 39. Rb4 Kg5 40. Rb5+ Kxf6 41. Rh5 Ra3+ 42. Kg4 Rg3+ 43. Kxf4 Rxg2 44. Rxh4 Kg6 45. Rg4+ Rxg4+ 46. Kxg4 Kf6 47. Kf4 Kg6 48. Kg4 f5+ 49. Kf4 Kf6 50. Kf3 Kg5 51. Kg3 f4+ 52. Kf3 Kf5 53. Kf2 Ke4 54. Ke2 f3+ 55. Kf2 Kf4 56. Kf1 Ke3 57. Ke1 f2+ 58. Kf1 Kf3 1/2-1/2

[Event "Titled Tuesday intern op 26th Jul Early"]
[Site "Chess.com INT"]
[Date "2022.07.26"]
[Round "2"]
[White "Rychagov, Andrey"]
[Black "Gatterer, Florian"]
[Result "1-0"]
[WhiteElo "2547"]
[BlackElo "2167"]
[PlyCount "49"]
[EventDate "2022.07.26"]
[EventType "swiss (blitz)"]
[EventRounds "11"]
[EventCountry "USA"]
[SourceTitle "EXT 2023"]
[Source "ChessBase"]
[SourceDate "2022.10.05"]
[SourceVersion "1"]
[SourceVersionDate "2022.10.05"]
[SourceQuality "1"]

1. d4 Nf6 2. c4 g6 3. Nc3 d5 4. Nf3 Bg7 5. cxd5 Nxd5 6. Bg5 Nxc3 7. bxc3 c5 8. e3 0-0 9. Qd2 cxd4 10. cxd4 Bg4 11. Be2 Nc6 12. Rb1 h6 13. Bh4 g5 14. Bg3 Bxf3 15. Bxf3 Qd7 16. h4 g4 17. Bxc6 Qxc6 18. 0-0 Rac8 19. Qb4 b6 20. Qxe7 Qa4 21. Qe4 h5 22. Qf5 Qxa2 23. Ra1 Qe6 24. Qxe6 fxe6 25. Rxa7 1-0

[Event "Titled Tuesday intern op 26th Jul Early"]
[Site "Chess.com INT"]
[Date "2022.07.26"]
[Round "5"]
[White "Rychagov, Andrey"]
[Black "Melkumyan, Hrant"]
[Result "0-1"]
[WhiteElo "2547"]
[BlackElo "2634"]
[PlyCount "76"]
[EventDate "2022.07.26"]
[EventType "swiss (blitz)"]
[EventRounds "11"]
[EventCountry "USA"]
[SourceTitle "EXT 2023"]
[Source "ChessBase"]
[SourceDate "2022.10.05"]
[SourceVersion "1"]
[SourceVersionDate "2022.10.05"]
[SourceQuality "1"]

1. d4 Nf6 2. c4 g6 3. Nc3 Bg7 4. e4 d6 5. Nf3 0-0 6. Be2 c5 7. 0-0 Re8 8. h3 cxd4 9. Nxd4 Nc6 10. Be3 Bd7 11. Qd2 a5 12. b3 a4 13. Rab1 axb3 14. axb3 Qa5 15. Rfd1 Rec8 16. f3 Nxd4 17. Bxd4 Bc6 18. b4 Qd8 19. Bf2 Ra3 20. Rdc1 Rca8 21. Rc2 Qf8 22. Nd5 Nd7 23. Bh4 Bxd5 24. cxd5 h6 25. Bb5 Ne5 26. f4 g5 27. fxg5 Rxh3 28. Qf2 Rxh4 29. Qxh4 Ng6 30. Qg4 hxg5 31. Qxg5 Bf6 32. Qh5 Kg7 33. Bd7 Qd8 34. Qg4 Qb6+ 35. Kf1 Rh8 36. Ke2 Rh4 37. Qg3 Rxe4+ 38. Kd2 Qd4+ 0-1